000
00263nam a2200097Ia 4500
001
797618
005
20250826170811.0
008
250824s9999 xx 000 0 und d
245
0
_a
AKILLI KITMİR İN SADAKATİ
_c
ŞEYDA KOÇ ASYALI
260
_b
NESİL ÇOCUK YAYINLARI
999
_c
797618
_d
797618